[Event "Reykjavik op"]
[Site "Reykjavik"]
[Date "2025.04.10"]
[Round "2"]
[White "Skettos, Nicolas"]
[Black "Koperski, Dustin"]
[Result "0-1"]
[WhiteElo "1983"]
[BlackElo "1793"]
[PlyCount "98"]
[EventDate "2025.04.09"]
[EventType "swiss"]
[EventRounds "9"]
[EventCountry "ISL"]
[SourceTitle "CB17_2025"]
[SourceDate "2025.04.23"]
[SourceVersion "1"]
[SourceVersionDate "2025.04.23"]
[SourceQuality "1"]

1. e4 c5 2. Nf3 g6 3. c3 Bg7 4. d4 cxd4 5. cxd4 d5 6. e5 Bg4 7. Bb5+ Bd7 8. Be2 Bg4 9. 0-0 e6 10. Nc3 Ne7 11. b3 0-0 12. Ba3 Re8 13. Nb5 Nf5 14. Bd3 Bxf3 15. Qxf3 a6 16. Nd6 Nxd6 17. Bxd6 Nc6 18. Qe3 Nxd4 19. Rac1 Nc6 20. b4 Bf8 21. Bxf8 Rxf8 22. a3 Rc8 23. Rfe1 Kg7 24. g3 Qe7 25. Qb6 Qc7 26. Qe3 Qxe5 27. Qxe5+ Nxe5 28. Be2 Nc4 29. a4 Nd6 30. b5 axb5 31. axb5 Rxc1 32. Rxc1 Rc8 33. Ra1 Rc5 34. Kg2 b6 35. Ra6 Nxb5 36. Rxb6 Nd4 37. Bd1 Rc7 38. h4 h5 39. Rb4 Nf5 40. Bb3 Kf6 41. Rb6 Ke5 42. Rb8 Nd6 43. Rd8 Ne4 44. Ba4 Ra7 45. Bb3 Rb7 46. Ba4 Rb2 47. Rf8 Rxf2+ 48. Kg1 Ra2 49. Bd7 Nd6 0-1

[Event "Banff op"]
[Site "Banff"]
[Date "2023.11.11"]
[Round "4"]
[White "Koperski, Dustin"]
[Black "Montalti, Gianluca"]
[Result "0-1"]
[WhiteElo "1714"]
[BlackElo "1541"]
[PlyCount "40"]
[EventDate "2023.11.10"]
[EventType "swiss"]
[EventRounds "6"]
[EventCountry "CAN"]
[SourceTitle "CBM 217 Extra"]
[Source "ChessBase"]
[SourceDate "2024.01.31"]
[SourceVersion "1"]
[SourceVersionDate "2024.01.31"]
[SourceQuality "1"]

1. e4 c5 2. d4 cxd4 3. c3 Nf6 4. e5 Nd5 5. Qxd4 e6 6. Nf3 Nc6 7. Qe4 d6 8. Bd3 Qc7 9. exd6 Bxd6 10. 0-0 b6 11. a4 Bb7 12. Na3 a6 13. Nc4 Bc5 14. Bd2 Rd8 15. Rfd1 Nce7 16. Qe2 Ng6 17. g3 Nf6 18. Nce5 Nxe5 19. Nxe5 Rxd3 20. Nxd3 Qc6 0-1

[Event "Alberta op"]
[Site "Edmonton"]
[Date "2017.10.08"]
[Round "4"]
[White "Kalisvaart, Peter"]
[Black "Koperski, Dustin"]
[Result "1-0"]
[WhiteElo "2061"]
[BlackElo "1710"]
[PlyCount "31"]
[EventDate "2017.10.07"]
[EventType "swiss"]
[EventRounds "6"]
[EventCountry "CAN"]
[SourceTitle "EXT 2019"]
[Source "ChessBase"]
[SourceDate "2018.10.10"]
[SourceVersion "1"]
[SourceVersionDate "2018.10.10"]
[SourceQuality "1"]

1. d4 Nf6 2. Bg5 Ne4 3. Bf4 c5 4. f3 Nf6 5. dxc5 Qa5+ 6. Qd2 Qxc5 7. e4 e5 8. Be3 Qc7 9. Nc3 Bb4 10. Nge2 0-0 11. a3 Ba5 12. b4 Bb6 13. Bg5 Nc6 14. Bxf6 gxf6 15. Nd5 Qd8 16. Qh6 1-0

[Event "Northern Alberta op"]
[Site "Edmonton"]
[Date "2015.02.15"]
[Round "4"]
[White "Robertson, Trevor"]
[Black "Koperski, Dustin"]
[Result "1-0"]
[WhiteElo "1539"]
[BlackElo "1630"]
[PlyCount "111"]
[EventDate "2015.02.14"]
[EventType "swiss"]
[EventRounds "5"]
[EventCountry "CAN"]
[SourceTitle "EXT 2017"]
[Source "ChessBase"]
[SourceDate "2016.10.25"]
[SourceVersion "1"]
[SourceVersionDate "2016.10.25"]
[SourceQuality "1"]

1. d4 Nf6 2. c4 c5 3. d5 e6 4. dxe6 fxe6 5. Nc3 d5 6. cxd5 exd5 7. e3 a6 8. Nf3 Nc6 9. Bd3 Be7 10. a3 0-0 11. h3 b5 12. Qc2 b4 13. Ne2 Bb7 14. Bd2 c4 15. Bf5 b3 16. Be6+ Kh8 17. Qd1 Bc8 18. Bxc8 Qxc8 19. 0-0 Ne4 20. Ned4 Nxd4 21. Nxd4 Nxd2 22. Qxd2 Bf6 23. Rac1 Bxd4 24. Qxd4 Rd8 25. Rc3 Qe6 26. Rd1 Rd7 27. Rxc4 dxc4 28. Qxd7 Qxd7 29. Rxd7 c3 30. bxc3 Rb8 31. Rd1 Kg8 32. Rb1 Kf7 33. Kf1 Ke6 34. Ke2 Kd5 35. Kd3 a5 36. a4 Kc5 37. Kd2 Kc4 38. Re1 Rd8+ 39. Kc1 Kxc3 40. e4 Kb4 41. e5 Ka3 42. e6 Ka2 43. Re2+ b2+ 44. Rxb2+ Ka3 45. Rb7 Re8 46. e7 Kxa4 47. f4 Ka3 48. g4 h6 49. h4 g6 50. f5 gxf5 51. gxf5 a4 52. f6 h5 53. f7 Rg8 54. f8Q Rg1+ 55. Kd2 Rg8 56. e8Q+ 1-0

[Event "Northern Alberta op"]
[Site "Edmonton"]
[Date "2015.02.14"]
[Round "3"]
[White "Koperski, Dustin"]
[Black "Malek, Omid"]
[Result "1/2-1/2"]
[WhiteElo "1630"]
[BlackElo "2047"]
[PlyCount "37"]
[EventDate "2015.02.14"]
[EventType "swiss"]
[EventRounds "5"]
[EventCountry "CAN"]
[SourceTitle "EXT 2017"]
[Source "ChessBase"]
[SourceDate "2016.10.25"]
[SourceVersion "1"]
[SourceVersionDate "2016.10.25"]
[SourceQuality "1"]

1. e4 d6 2. d4 Nf6 3. Nc3 g6 4. Be2 c6 5. Be3 Qc7 6. g4 h5 7. g5 Nfd7 8. Qd2 b5 9. 0-0-0 Nb6 10. Bd3 b4 11. Nce2 a5 12. f4 Ba6 13. f5 gxf5 14. exf5 Nc4 15. Bxc4 Bxc4 16. Kb1 Nd7 17. Nf4 0-0-0 18. d5 cxd5 19. Nxd5 1/2-1/2

[Event "Medicine Hat op"]
[Site "Medicine Hat"]
[Date "2014.09.20"]
[Round "1.3"]
[White "Koperski, Dustin"]
[Black "Fletcher, David"]
[Result "0-1"]
[WhiteElo "1730"]
[BlackElo "2119"]
[PlyCount "90"]
[EventDate "2014.09.20"]
[EventType "swiss"]
[EventRounds "5"]
[EventCountry "CAN"]
[SourceTitle "EXT 2022"]
[Source "ChessBase"]
[SourceDate "2021.10.06"]
[SourceVersion "1"]
[SourceVersionDate "2021.10.06"]
[SourceQuality "1"]

1. e4 c6 2. d4 d5 3. e5 Bf5 4. Nf3 e6 5. Be2 c5 6. c3 Nc6 7. 0-0 cxd4 8. cxd4 Bxb1 9. Rxb1 Nge7 10. Be3 Nf5 11. Bf4 Qb6 12. Be3 Be7 13. Qd2 0-0 14. Rfd1 Rac8 15. Rbc1 Qb4 16. Qxb4 Nxb4 17. a3 Nc6 18. Bb5 Nxe3 19. fxe3 Nb8 20. Rc3 Rxc3 21. bxc3 a6 22. Bd3 Bxa3 23. c4 dxc4 24. Bxc4 Rc8 25. Ba2 Rc1 26. Rxc1 Bxc1 27. Kf2 Nc6 28. e4 Nb4 29. Bb3 Bb2 30. Ke3 Nc6 31. d5 exd5 32. exd5 Nxe5 33. Nxe5 Bxe5 34. h3 Kf8 35. Ke4 f6 36. Kf5 Ke7 37. g4 Kd6 38. h4 b5 39. h5 a5 40. Ke4 Kc5 41. Ba2 a4 42. Kd3 b4 43. Bc4 b3 44. d6 Bxd6 45. Be6 Kb4 0-1

[Event "Edmonton Northern Alberta op"]
[Site "Edmonton"]
[Date "2014.02.15"]
[Round "1.16"]
[White "Briones, Dante"]
[Black "Koperski, Dustin"]
[Result "1-0"]
[WhiteElo "1950"]
[BlackElo "1232"]
[PlyCount "21"]
[EventDate "2014.02.15"]
[EventType "swiss"]
[EventRounds "5"]
[EventCountry "CAN"]
[SourceTitle "EXT 2022"]
[Source "ChessBase"]
[SourceDate "2021.10.06"]
[SourceVersion "1"]
[SourceVersionDate "2021.10.06"]
[SourceQuality "1"]

1. e4 e5 2. Nf3 Nc6 3. Nc3 Nf6 4. Bb5 Bb4 5. 0-0 0-0 6. d3 d6 7. Bg5 h6 8. Bxf6 Qxf6 9. Nd5 Qg6 10. Bxc6 bxc6 11. Ne7+ 1-0